| 000 | 00352nam a2200145Ia 4500 | ||
|---|---|---|---|
| 008 | 150201s2005 xx 000 0 und d | ||
| 082 |
_a618 _bG2005D |
||
| 100 | _aDATTA,D.C. | ||
| 245 | _aTEXT BOOK OF GYNAECOLOGY | ||
| 250 | _a3RD | ||
| 260 |
_bNEW CENTRAL BOOK AGENCY _aCALCUTTA _c2005 |
||
| 300 | _a1-606 | ||
| 650 | _aGYNAECOLOGY | ||
| 942 |
_2ddc _cBK |
||
| 999 |
_c2730 _d2730 |
||